000 01186nam a2200337 i 4500
999 _c46266
_d46266
001 768714001
003 CO-MdFUSB
005 20201028175302.0
007 ta
008 200302t1985 enk||||| |||| 00| 0 eng d
020 _a0334022738
040 _bspa.
_aCO-MdFUSB
_cCO-MdFUSB
_dCO-MdFUSBC
_erda
041 _aeng
082 _224
_a226.506
_bR658
100 1 _aRobinson, John A. T.
_eautor
240 _aLa prioridad de Juan
245 4 _aThe priority of John
_c/ John A. T. Robinson ; editor J. F. Coakley
264 1 _aLondon :
_bSCM Press Ltd,
_c℗1985
264 4 _c©1985
300 _axvi, 443 páginas
_c: 23 cm
336 _atexto
_btxt
_2rdacontent
337 _2rdamedia
_asin mediación
_bn
338 _2rdacarrier
_avolumen
_bnc
505 _aLa presunción de prioridad - De las fuentes a la fuente - La cronología del ministerio - La historia: El comienzo - La historia: El centro - La historia: El final - La enseñanza de Jesús - La persona de Cristo
563 _aPasta dura
630 7 _aBiblia.
_pJuan
_xCrítica, interpretación, etc.
700 _aCoakley, J. F.
_eeditor
942 _cBK
945 _aJTF-925